Charmed - Saison 3 - Statistiques

Statistiques générales
  • Ce quiz a été pris 189 fois
  • Le résultat moyen est 9 sur 15
Statistiques - réponses
Hint Réponse % Correct
Dès le premier épisode, Phoebe rencontre un homme avec qui elle entretiendra une relation très mouvementée pendant 3 ans. Quel est son prénom et son nom ? Cole Turner
96%
Cet homme est à moitié démon. Comment s'appelle-t-il en tant que démon ? Balthazar
88%
Avec ? Leo
87%
Une des trois sœurs est la première à se marier lors de cette saison. Laquelle ? Piper
86%
Qui est cette sœur ? Prue
83%
Lors du même épisode, Prue, de son côté, se transforme en un animal. Lequel ? Chien
78%
En parlant de nouveaux pouvoirs, Phoebe reçoit un nouveau pouvoir dès le premier épisode. Lequel (donner le nom exact) ? Lévitation
72%
Pendant toute la série, quel métier exerce Prue ? Photographe
61%
Lors du dernier épisode de la saison, une des trois sœurs est définitivement tuée par un démon. Comment s'appelle-t-il ? Shax
56%
Lors de cette saison, Phoebe se transforme en une créature mythique dans l'avant-dernier épisode de la saison. Laquelle ? Banshee
44%
Dans l'épisode 6 de la saison 3, Prue reçoit un nouveau pouvoir temporaire. Quel est ce pouvoir (donner le nom exact) ? Empathie
43%
Prue est victime du fanatisme d'une employée du P3, cette dernière souhaitant tuer et devenir Prue. Comment s'appelle-t-elle ? Abby
20%
Lors de l'épisode 11, une autre être de lumière que Leo vient en aide aux trois sœurs, pour combattre un être des ténèbres. Comment s'appelle-t-elle ? Natalie
18%
De son côté, Piper reçoit un nouveau pouvoir dans l'épisode 20. Lequel (donner le nom exact) ? Combustion moléculaire
12%
Prue sera mariée de force, juste avant celle mentionnée deux questions avant, avec un démon. Le mariage est évidemment vite rompu, après la mort du démon. Comment s'appelle-t-il ? Zile
9%
Aucun quiz correspondant
Distribution des résultats
% des personnes avec chaque résultat
Percentile par nombre de réponses
Votre historique - résultats
Vous n’avez pas pris ce quiz